00841nam a22002417a 450000500170000001000130001702000100003003500130004003700160005304000120006908200170008110000260009824500720012426000550019627000350025130000220028650000510030865000290035965000200038894200260040899900190043495201460045320170124110201.0 aA-997988 c00.00 aA-997988 bCen Lib/Ret aDPLbEN a005.754bPAR aParekh Harsha 936386 aInternet in the scholarly communication process /cby Harsha Parekh aMukherjee knowledge ware associationbMumbaic1999 bMumbaia16 Pnchtantra e400050 av,235p.c19cm(Hb) aIncludes bibliographical references and index  aComputer science 936387 aInternet936388 2ddccENh005.754mPAR c132942d132942 04104070aLbLd2015-07-24eCen Lib/Retg0.00l0o005.754 PARpA-997988r2015-07-24 00:00:00t1v0.00w2015-07-24yENzW/d list no. 6802/21